000
00252nam a2200109Ia 4500
008
190216s9999||||xx |||||||||||||| ||und||
100
_a
Gangadara Menon
245
0
_a
Secreterial Practice
260
_b
Vidyarthimithram
650
_a
Commerce
942
_c
BK
999
_c
5269
_d
5269